00581nam a2200157 a 450000100100000000500170001000800410002704000250006808200100009310000350010324500860013826000500022430000210027495201110029599900170040600003548620200930074358.0111102s1971 mx 000 0 spa d aDO-SdBNPbspacBNPHU axxxxx1 aSaavedra M., Alfredo M.96136413aLo sexual en la expresión :bvocabulario Soxológico /cAlfredo M. Saavedra M. aMéxico, D. F. :bLibros de México,c1971. a145 p. ;c23 cm. 0010507-18MOaGRbGRcOId2011-11-02iLF1l0oxxxxx p35486-10r2020-06-25w2020-06-25y1ZNo se presta c34977d34977